000 00721nam a2200229Ia 4500
003 OSt
005 20220923221854.0
006 a|||||r|||| 00| 0
007 ta
008 220922b |||||||| |||| 00| 0 hin d
024 _a200,708
037 _cTextual
040 _aARTS
_cARTS
_bhin
041 _2hin
_ahin
082 _aV2:5:D7, 152H8
100 _aरामजी उपाध्याय
245 0 _aभारत की प्राचीन संस्कृति
246 _aBhārat kī prāchīn sanskṛuti
490 _aकिताब महल प्रकाशन
942 _hV2:5:D7, 152H8
_cTEXL
_2CC
999 _c352380
_d352380